L'Esquerra Nacionalista a Mallorca : (1900-1936) / edició a cura de Mateu Morro i Sebastià Serra (1900-1936) / edició a cura de Mateu Morro i Sebastià Serra
Descripción Física:
XXXV, 210 p. ; 20 cm
Materias:
Nacionalisme -- Mallorca
MARC
| LEADER | 00000nam a2200000Ia 4500 | ||
|---|---|---|---|
| 001 | 1799 | ||
| 008 | 160829s1986 xx 000 0 cat d | ||
| 080 | |a M-2-235 | ||
| 245 | |a L'Esquerra Nacionalista a Mallorca : |b (1900-1936) / edició a cura de Mateu Morro i Sebastià Serra | ||
| 260 | |a Barcelona : |b La Magrana : |b Diputació de Barcelona, |c 1986 | ||
| 300 | |a XXXV, 210 p. ; |c 20 cm | ||
| 490 | |a Biblioteca dels clàssics del nacionalisme català ; 13 | ||
| 650 | |a Nacionalisme |x Mallorca |9 34509 | ||
| 700 | |a Morro i Marcé, Mateu, ed. |9 34510 | ||
| 700 | |a Serra, Sebastià, ed. |9 34511 | ||
| 901 | |a Arxiu | ||
| 942 | |n 1 | ||
| 952 | |0 0 |1 0 |4 0 |6 M2235 |7 1 |9 46545 |a Arxiu |b Arxiu |d 2016-12-01 |l 0 |o M-2-235 |p 1799 |r 2016-12-01 00:00:00 |w 2016-12-01 |y ARXIU | ||
| 999 | |c 50337 |d 50337 | ||